| 000 | 00600nam a22001937a 4500 | ||
|---|---|---|---|
| 999 |
_c171469 _d171469 |
||
| 005 | 20200114114419.0 | ||
| 010 | _aUR-10663 | ||
| 020 |
_c200.00 _a- |
||
| 035 | _aU-9218 | ||
| 037 |
_bDBAD/PUB _a- |
||
| 082 | _aک | ||
| 100 | _aر ما نہ تبسم | ||
| 245 |
_aصبح بہا ر ا ں _cر ما نہ تبسم |
||
| 246 |
_bSubh-e-Baharan (Urdu) _aby Rumana Tabassum |
||
| 260 |
_aBihar _bIram Publications _c2019 ء |
||
| 270 |
_aBazm-e-Tabassum,Tarni Prasad Lane,Chhoti Masjid,Patna City, _bPatna _e8 _k-9973889970 _l- |
||
| 300 |
_a128 ص _c22 Cm(Hb) |
||
| 942 |
_2ddc _cUR _hک _mر م ا |
||